000149848 001__ 149848
000149848 005__ 20251017144557.0
000149848 0247_ $$2doi$$a10.1016/j.fss.2019.12.001
000149848 0248_ $$2sideral$$a120475
000149848 037__ $$aART-2020-120475
000149848 041__ $$aeng
000149848 100__ $$0(orcid)0000-0002-7581-0345$$aHuitzil, Ignacio$$uUniversidad de Zaragoza
000149848 245__ $$aGimmeHop: A recommender system for mobile devices using ontology reasoners and fuzzy logic
000149848 260__ $$c2020
000149848 5060_ $$aAccess copy available to the general public$$fUnrestricted
000149848 5203_ $$aThis paper describes GimmeHop, a beer recommender system for Android mobile devices using fuzzy ontologies to represent the relevant knowledge and semantic reasoners to infer implicit knowledge. GimmeHop use fuzzy quantifiers to deal with incomplete data, fuzzy hedges to deal with the user context, and aggregation operators to manage user preferences. The results of our evaluation measure empirically the data traffic and the running time in the case of remote reasoning, the size of the ontologies that can be locally dealt with in a mobile device in the case of local reasoning, and the quality of the automatically computed linguistic values supported in the user queries.
000149848 536__ $$9info:eu-repo/grantAgreement/ES/AEI-FEDER/TIN2016-78011-C4-3-R$$9info:eu-repo/grantAgreement/ES/UZ/JIUZ-2018-TEC-02
000149848 540__ $$9info:eu-repo/semantics/openAccess$$aby-nc-nd$$uhttps://creativecommons.org/licenses/by-nc-nd/4.0/deed.es
000149848 590__ $$a3.343$$b2020
000149848 591__ $$aCOMPUTER SCIENCE, THEORY & METHODS$$b23 / 110 = 0.209$$c2020$$dQ1$$eT1
000149848 591__ $$aSTATISTICS & PROBABILITY$$b20 / 125 = 0.16$$c2020$$dQ1$$eT1
000149848 591__ $$aMATHEMATICS, APPLIED$$b18 / 265 = 0.068$$c2020$$dQ1$$eT1
000149848 592__ $$a0.902$$b2020
000149848 593__ $$aLogic$$c2020$$dQ1
000149848 593__ $$aArtificial Intelligence$$c2020$$dQ1
000149848 655_4 $$ainfo:eu-repo/semantics/article$$vinfo:eu-repo/semantics/acceptedVersion
000149848 700__ $$aAlegre, Fernando
000149848 700__ $$0(orcid)0000-0001-5136-4152$$aBobillo, Fernando$$uUniversidad de Zaragoza
000149848 7102_ $$15007$$2570$$aUniversidad de Zaragoza$$bDpto. Informát.Ingenie.Sistms.$$cÁrea Lenguajes y Sistemas Inf.
000149848 773__ $$g401 (2020), 55-77$$pFuzzy sets syst.$$tFuzzy Sets and Systems$$x0165-0114
000149848 8564_ $$s2360731$$uhttps://zaguan.unizar.es/record/149848/files/texto_completo.pdf$$yPostprint
000149848 8564_ $$s1232954$$uhttps://zaguan.unizar.es/record/149848/files/texto_completo.jpg?subformat=icon$$xicon$$yPostprint
000149848 909CO $$ooai:zaguan.unizar.es:149848$$particulos$$pdriver
000149848 951__ $$a2025-10-17-14:13:24
000149848 980__ $$aARTICLE